El Credo Niceno-constantinopolitano - Estadísticas

Estadísticas generales
  • Esta prueba ha sido intentada 58 veces
  • La puntuación promedio es 27 de 38
Estadísticas de respuestas
Huecos % Correcto
Creo en un solo {Dios}, padre todopoderoso,
100%
de todo lo {visible} y lo invisible.
100%
Creador del cielo y de la {tierra}
97%
Hijo {único} De Dios,
93%
Creo en un solo Señor, {Jesucristo},
90%
y por nuestra salvación bajó del {cielo}
90%
para juzgar a vivos y {muertos},
83%
y está sentado a la {derecha} del padre;
83%
y se hizo {hombre};
83%
Creo en el {Espíritu} Santo,
79%
Dios verdadero de Dios {verdadero},
79%
que con el Padre y el {Hijo}
79%
Señor y dador de {vida},
79%
y por {obra} del Espíritu Santo
79%
y su {reino} no tendrá fin.
76%
{Amén}
72%
{engendrado}, no creado,
72%
en {tiempos} de Poncio Pilato;
72%
por quien todo fue {hecho};
72%
que por {nosotros} los hombres
72%
y por nuestra causa fue {crucificado}
72%
y resucitó al tercer día, según {las escrituras},
72%
y {subió} al cielo,
72%
para el perdón de los {pecados}.
69%
de la misma {naturaleza} del Padre,
66%
{Santa}, católica y apostólica.
66%
se {encarnó} de María, la Virgen
66%
y que habló por los {profetas}.
59%
nacido del Padre antes de todos {los siglos}:
55%
recibe una misma {adoración} y gloria,
55%
{Espero} la resurreción de los muertos
52%
y de nuevo vendrá con {gloria},
52%
{Dios} de {Dios}, Luz de Luz,
48%
y la vida del {mundo futuro}.
48%
{padeció} y fue sepultado
45%
que {procede} del Padre y el Hijo,
45%
{Confieso} que hay un solo bautismo
41%
Creo en la {Iglesia} que es {una},
34%
No se encontraron pruebas coincidentes
Distribución de puntuación
Porcentaje de gente con cada puntuación
Porcentaje por número respondido
Historial de tus puntuaciones
No has intentado esta prueba.